Land law

This text provides a clear description of the development of the English system of land tenure, estates in land and other basic principles of land law, and is recommended reading for students of law. This edition has been updated in light of the Land Registration Act 2000 and new rules relating to c...

Полное описание

Сохранить в:
Библиографические подробности
Главный автор: Riddall, J.G
Формат:
Опубликовано: London : Oxford University Press.; c 2003.
Редактирование:7th ed.
Предметы:
Метки: Добавить метку
Нет меток, Требуется 1-ая метка записи!

MARC

LEADER 00000nam a2200000 4500
005 20251201093837.0
020 |a 9780406967435  |c TZS.179,192 /= 
040 |a MCCL  |b eng.  |e AACR 2nd rev.ed. 
082 |a 343.054 RID 
100 |a Riddall, J.G 
245 |a Land law  |c / J.G.Riddall 
250 |a 7th ed. 
260 |a London :  |b Oxford University Press.;  |c c 2003. 
300 |a Ixx,615 p. :  |c 23 cm. 
504 |a Inglude index. 
520 |a This text provides a clear description of the development of the English system of land tenure, estates in land and other basic principles of land law, and is recommended reading for students of law. This edition has been updated in light of the Land Registration Act 2000 and new rules relating to commonhold 
546 |a eng. 
650 |a Land law 
650 |a Public rights 
650 |a Mortges 
700 |a Riddall, J.G 
942 |c BK 
999 |c 12000  |d 12000